00545nam a2200193 a 450000100060000000300090000600800410001502000140005604000280007008200180009810000210011624500540013726000410019130000100023265000210024265000260026365000280028965000340031710124CO-ViMGA141112s2004 ck r 000 u spa d a843298034 aCO-ViMGAbspacCO-ViMGA04a621.3815 R1731 aRamirez ; Jose, 10aSimbología Lógica de los Circuitos Integrados aBarcelona : bEdiciones Ceac, c1987 a205p.14aESQUEMAS LOGICOS14aOPERADORES DE RETARDO14aOPERADORES SECUENCIALES14aSIMBOLOGIA DEL ALGEBRA LOGICA